Proceedings of the International Conference on Information Engineering and Applications (IEA) 2012 Volume 3 /

Information engineering and applications is the field of study concerned with constructing information computing, intelligent systems, mathematical models, numerical solution techniques, and using computers and other electronic devices to analyze and solve natural scientific, social scientific and e...

Πλήρης περιγραφή

Λεπτομέρειες βιβλιογραφικής εγγραφής
Συγγραφή απο Οργανισμό/Αρχή: SpringerLink (Online service)
Άλλοι συγγραφείς: Zhong, Zhicai (Επιμελητής έκδοσης)
Μορφή: Ηλεκτρονική πηγή Ηλ. βιβλίο
Γλώσσα:English
Έκδοση: London : Springer London : Imprint: Springer, 2013.
Σειρά:Lecture Notes in Electrical Engineering, 218
Θέματα:
Διαθέσιμο Online:Full Text via HEAL-Link
LEADER 03418nam a22005175i 4500
001 978-1-4471-4847-0
003 DE-He213
005 20151121051328.0
007 cr nn 008mamaa
008 130217s2013 xxk| s |||| 0|eng d
020 |a 9781447148470  |9 978-1-4471-4847-0 
024 7 |a 10.1007/978-1-4471-4847-0  |2 doi 
040 |d GrThAP 
050 4 |a TK1-9971 
072 7 |a TJK  |2 bicssc 
072 7 |a TEC041000  |2 bisacsh 
082 0 4 |a 621.382  |2 23 
245 1 0 |a Proceedings of the International Conference on Information Engineering and Applications (IEA) 2012  |h [electronic resource] :  |b Volume 3 /  |c edited by Zhicai Zhong. 
264 1 |a London :  |b Springer London :  |b Imprint: Springer,  |c 2013. 
300 |a XXV, 888 p. 263 illus., 44 illus. in color.  |b online resource. 
336 |a text  |b txt  |2 rdacontent 
337 |a computer  |b c  |2 rdamedia 
338 |a online resource  |b cr  |2 rdacarrier 
347 |a text file  |b PDF  |2 rda 
490 1 |a Lecture Notes in Electrical Engineering,  |x 1876-1100 ;  |v 218 
505 0 |a Business Intelligence and Applications -- Control Engineering and Applications -- Web Science, Engineering and Applications -- Information Technology and Applications -- Information Security and Network Protection -- Artificial Intelligence -- Mathematics and Computation -- Information Management Systems and Software Engineering -- Multimedia Aechnology and Applications -- Intelligent Evolutionary algorithms -- Manufacturing Engineering and Management. 
520 |a Information engineering and applications is the field of study concerned with constructing information computing, intelligent systems, mathematical models, numerical solution techniques, and using computers and other electronic devices to analyze and solve natural scientific, social scientific and engineering problems.   Information engineering is an important underpinning for techniques used in information and computational science and there are many unresolved problems worth studying. The Proceedings of the 2nd International Conference on Information Engineering and Applications (IEA 2012), which was held in Chongqing, China, from October 26-28, 2012, discusses the most innovative research and developments including technical challenges and social, legal, political, and economic issues.   A forum for engineers and scientists in academia, industry, and government, the Proceedings of the 2nd International Conference on Information Engineering and Applications presents ideas, results, works in progress, and experience in all aspects of information engineering and applications. 
650 0 |a Engineering. 
650 0 |a Renewable energy resources. 
650 0 |a Computers. 
650 0 |a Electrical engineering. 
650 0 |a Renewable energy sources. 
650 0 |a Alternate energy sources. 
650 0 |a Green energy industries. 
650 1 4 |a Engineering. 
650 2 4 |a Communications Engineering, Networks. 
650 2 4 |a Information Systems and Communication Service. 
650 2 4 |a Renewable and Green Energy. 
700 1 |a Zhong, Zhicai.  |e editor. 
710 2 |a SpringerLink (Online service) 
773 0 |t Springer eBooks 
776 0 8 |i Printed edition:  |z 9781447148463 
830 0 |a Lecture Notes in Electrical Engineering,  |x 1876-1100 ;  |v 218 
856 4 0 |u http://dx.doi.org/10.1007/978-1-4471-4847-0  |z Full Text via HEAL-Link 
912 |a ZDB-2-ENG 
950 |a Engineering (Springer-11647)